000 00562nam a2200193 a 4500
005 20240924070714.0
008 991125s1993 mx 000 0 spa u
020 _a9682440548
035 _aUPN01000029253
049 _aCG
050 4 _aGF75
_b055 1993
100 1 _aOndarza, Raúl N.
_929780
245 1 3 _aEl impacto del hombre sobre la tierra /
_cRaúl N. Ondarza.
260 _aMéxico :
_bTrillas,
_c1993.
300 _a177 p. :
_bfots., col.
650 2 _aEcología humana
_97042
650 4 _aHombre
_xInfluencia en la naturaleza
_910359
905 _aLibro
999 _c29253
_d29253